000 01172cam a2200337 a 4500
001 48604
005 20230410123644.0
008 930817s1991 sp b 000 0 spa d
010 _a 91210128
035 _a(OCoLC)ocm26750319
040 _aCWL
_cCWL
_dDLC
_dDIBAM
020 _z847777062X
035 _a(OCoLC)26750319
042 _alccopycat
043 _ae-sp---
050 1 4 _aKKT 5674.18
_bT153g 1991
082 0 0 _a342.46/6/029
_a344.660229
_220
100 1 _aTamayo Salaberriá, Virginia.
245 1 0 _aGeńesis del Estatuto de Gernika /
_cVirginia Tamayo Salaberría.
260 _aOñati :
_bInstituto Vasco de Administración Pública,
_c1991.
300 _a195 p. ;
_c20 cm.
440 0 _aColección Cuadernos Autonómicos ;
_v18
504 _aIncludes bibliographical references (p. 155-169).
650 0 _aConstitutional history
_zSpain
_zPaís Vasco.
651 7 _aPAIS VASCO (ESPAÑA)
_xHISTORIA CONSTITUCIONAL.
_2renib
651 7 _aPAIS VASCO (ESPAÑA)
_xHISTORIA
_xMOVIMIENTOS DE AUTONOMIA E INDEPENDENCIA.
_2renib
710 2 _aInstituto Vasco de Administración Pública.
942 _2lcc
_cbk
946 _aclperez
994 _aC0
_bDRFGD
999 _c65684
_d65684